| 000 | 00698nam a2200265 a 4500 | ||
|---|---|---|---|
| 003 | OSt | ||
| 005 | 20140506101942.0 | ||
| 008 | 090116s19uu xx 00 eng d | ||
| 020 | _a97800701283403 | ||
| 050 |
_aHG 4026 _b.R676 2008 |
||
| 100 | _aRoss, Stephen A. | ||
| 245 |
_aEssentials of corporate finance / _cStephen A. Ross. |
||
| 250 | _a6th ed. | ||
| 260 |
_aBoston : _bMcGraw-Hill, _cc2008. |
||
| 300 |
_axxxvi. 620 p. : _bcol. ill. ; _c26 cm. |
||
| 521 | _aBSBA | ||
| 650 | _aBSBA. | ||
| 650 |
_aCorporate _xFinance. |
||
| 700 | _aWesterield, Randolph W. | ||
| 700 | _aJordan, Bradford D. | ||
| 942 |
_cBK _2lcc _kFOR |
||
| 999 |
_c23364 _d23364 |
||